Market, socialist, and mixed economies : (Record no. 2079)

MARC details
000 -LEADER
fixed length control field 00832cam a2200217 4500
001 - CONTROL NUMBER
control field 2614
005 - DATE AND TIME OF LATEST TRANSACTION
control field 20181127165355.0
008 - FIXED-LENGTH DATA ELEMENTS--GENERAL INFORMATION
fixed length control field 990804s2000 mdu b 001 0 eng
010 ## - LIBRARY OF CONGRESS CONTROL NUMBER
LC control number 99042559
020 ## - INTERNATIONAL STANDARD BOOK NUMBER
International Standard Book Number 0801877482
043 ## - GEOGRAPHIC AREA CODE
Geographic area code nccr---
-- nwcu---
-- s-cl---
100 1# - MAIN ENTRY--PERSONAL NAME
Personal name Mesa-Lago, Carmelo,
Dates associated with a name 1934-
245 10 - TITLE STATEMENT
Title Market, socialist, and mixed economies :
Remainder of title comparative policy and performance : Chile, Cuba, and Costa Rica /
Statement of responsibility, etc. Carmelo Mesa-Lago ; with Alberto Arenas de Mesa ... [et al].
260 ## - PUBLICATION, DISTRIBUTION, ETC.
Place of publication, distribution, etc. Baltimore :
Name of publisher, distributor, etc. Johns Hopkins University Press,
Date of publication, distribution, etc. 2000.
300 ## - PHYSICAL DESCRIPTION
Extent xxiv, 707 p. ;
Dimensions 25 cm.
504 ## - BIBLIOGRAPHY, ETC. NOTE
Bibliography, etc. note Includes bibliographical references (p. 665-694) and index.
651 #0 - SUBJECT ADDED ENTRY--GEOGRAPHIC NAME
Geographic name Chile
General subdivision Economic policy.
Geographic name Costa Rica
General subdivision Economic policy.
Geographic name Cuba
General subdivision Economic policy.
Geographic name Latin America
General subdivision Economic policy.
Holdings
Withdrawn status Lost status Source of classification or shelving scheme Damaged status Not for loan Collection code Home library Current library Shelving location Serial Enumeration / chronology Inventory number Total Checkouts Full call number Barcode Date last seen Price effective from Koha item type
    Dewey Decimal Classification     Main TEST RTC Library RTC Library Main opac 759   330.12 MES 30000635 27/11/2018 27/11/2018 Main
Royal Thimphu College || All Right Reserved